La Papessa /

Đã lưu trong:
Chi tiết về thư mục
Tác giả chính: Barsotti, Marcel (Nhà soạn nhạc)
Tác giả khác: Goodman, John, (1952- ) (Diễn viên), Hadding, Heinrich (Người viết kịch bản), Wortmann, Sönke (Giám đốc, Người viết kịch bản), Glean, Iain (Diễn viên), Petherbridge, Edward (Diễn viên), Taubman, Anatole (Diễn viên), Wenham, David (Diễn viên), Wokalek, Johanna (Diễn viên)
Định dạng: Slide
Ngôn ngữ:Tiếng Italy
Tiếng Anh
Được phát hành: Cologno Monzese : Medusa Film, 2010
Phiên bản:Ed. estesa
Các nhãn: Thêm thẻ
Không có thẻ, Là người đầu tiên thẻ bản ghi này!

MARC

LEADER 00000ngm a22000007i 4500
001 IT\ICCU\RAV\1929433
003 ItRI
005 20260124182850.0
008 101215s2010 it |||||||||||||||k|||||c
024 3 1 |a 8010020064564 
028 4 2 |a N02RF06454  |b versione noleggio 
028 4 2 |a N02SF06456 
040 |b ita 
041 7 |a ita  |a eng  |2 ISO-639-2 
082 |a 791.43  |9 CINEMA  |2 14 
130 4 |a Die Päpstin <film ; 2009>  |3 IT\ICCU\RAV\1929434 
245 0 3 |a La Papessa /  |c regia di Sönke Wortmann ; sceneggiatura Sönke Wortmann, Heinrich Hadding ; tratto dall'omonimo racconto di Donna Woolfolk Cross ; fotografia Tom Fährmann ; musica Marcel Barsotti. 
250 |a Ed. estesa 
260 |a Cologno Monzese :  |b Medusa Film,  |c 2010 
300 |a 1 DVD-Video (135 min) :  |b color., sonoro 
500 |a Caratteristiche tecniche: regione 2; PAL; video 2.35:1, ottimizzato per TV 16:9; audio Dolby digital 5.1 
500 |a Titolo del contenitore 
500 |a Produzione cinematografica Germania/Gran Bretagna/Italia/Spagna 2009 
500 |a Interpreti: Johanna Wokalek, David Wenham, John Goodman, Iain Glen, Edward Petherbridge, Anatole Taubman 
500 |a Lingue: italiano, inglese; sottotitoli: italiano per non udenti 
500 |a Contenuti extra: dietro le quinte (making of), interviste, commenti al film del regista e del direttore della fotografia, ideazione e ripresa della battaglia di Manfield. 
700 1 |a Goodman, John,  |d  (1952- )  |0 IT\ICCU\LO1V\169741  |4 act 
700 1 |a Hadding, Heinrich  |0 IT\ICCU\PARV\567020  |4 sce 
700 1 |a Wortmann, Sönke  |0 IT\ICCU\PUVV\346229  |4 drt 
700 1 |a Wortmann, Sönke  |0 IT\ICCU\PUVV\346229  |4 sce 
700 1 |a Glean, Iain  |0 IT\ICCU\RAVV\082812  |4 act 
700 1 |a Petherbridge, Edward  |0 IT\ICCU\RAVV\082815  |4 act 
700 1 |a Taubman, Anatole  |0 IT\ICCU\RAVV\082821  |4 act 
700 1 |a Barsotti, Marcel  |0 IT\ICCU\RAVV\433962  |4 cmp 
700 1 |a Cross, Donna Woolfolk  |0 IT\ICCU\REAV\095789  |4 ant 
700 1 |a Wenham, David  |0 IT\ICCU\TO0V\155409  |4 act 
700 1 |a Wokalek, Johanna  |0 IT\ICCU\VEAV\315251  |4 act 
790 1 |a Goodman, John Stephen,  |d  (1952- )  |3 IT\ICCU\SBNV\073936  |z Goodman, John (1952- ) 
942 |2 ddc  |c VM  |n 0 
952 |0 0  |1 0  |4 0  |6 VO_1846_000000000000000  |7 0  |9 27242  |a BO  |b BO  |d 2026-01-24  |i 14635  |l 0  |o VO 1846  |p BO14635  |r 2026-01-24 18:28:50  |w 2026-01-24  |x [Sebina 5] [1 dvd]  |y VM  |z 1 dvd 
999 |c 23062  |d 23062